[Event "Bundesliga 0203"]
[Site "Germany"]
[Date "2002.12.15"]
[Round "6.1"]
[White "Anand, Viswanathan"]
[Black "Khenkin, Igor"]
[Result "1-0"]
[WhiteElo "2755"]
[BlackElo "2603"]
[Annotator "Lukacs,P"]
[PlyCount "105"]
[EventDate "2002.10.19"]
[EventType "team-tourn"]
[EventRounds "15"]
[EventCountry "GER"]
[SourceTitle "CBM 093"]
[Source "ChessBase"]
[SourceDate "2003.04.01"]
[SourceVersion "1"]
[SourceVersionDate "2003.04.01"]
[SourceQuality "1"]
[WhiteTeam "Baden Oos"]
[BlackTeam "Tegernsee"]
[WhiteTeamCountry "GER"]
[BlackTeamCountry "GER"]

1. e4 c6 2. d4 d5 3. e5 Bf5 4. Be3 Qb6 5. Qc1 {This is a quiet, positional
plan where White simply wants to maintain his space advantage.} Nh6 (5... e6 6.
c4 Bxb1 (6... Ne7 {- Kasparov-Shirov, RUS-The World rapid 2002 CBM 91}) 7. Rxb1
Bb4+ {- Gelfand-Dreev, RUS-The World rapid 2002 CBM 91}) 6. Nf3 (6. h3 {
- Smirin-Bareev, RUS-The World rapid 2002 CBM 91}) (6. c4 Ng4 $1 $132) 6... e6
7. c4 dxc4 $2 {Black has to take on c4, otherwise he will be pushed to the
wall. The real question is, when?} (7... Bxb1 $142 {has to be inserted first.}
8. Rxb1 Bb4+ (8... dxc4 9. Bxc4 {- 7..dxc4}) 9. Bd2 (9. Nd2 Nf5) 9... Bxd2+ 10.
Qxd2 dxc4 11. Bxc4 O-O (11... Nf5 12. O-O) (11... c5 $2 12. dxc5 Qxc5 13. Bxe6
$1) 12. O-O {and Black has counterchances in view of the backward >< d4.}) 8.
Nbd2 $1 {White wants to take back on c4 by the N gaining a vital tempo.} (8.
Bxc4 Be4 (8... Ng4) (8... Bxb1 9. Rxb1 Bb4+ 10. Bd2) 9. Nbd2 Bxf3 10. Nxf3 Bb4+
11. Bd2 Bxd2+ 12. Qxd2 O-O (12... Nf5 13. O-O) 13. O-O {is similar to the
previous note.}) 8... Bd3 (8... Bb4 9. a3 Bxd2+ 10. Nxd2 $16 {/\ Nc4}) (8...
Ng4 9. Nxc4 Qd8 10. Bg5 Bb4+ 11. Bd2 Be7 12. h3 $16 {and the N has to retreat.}
) 9. Bxd3 (9. d5 $5 Qb5 10. d6 $1 Nf5 11. Nxc4 Bxf1 12. Rxf1 Nd7 13. Qc2 $14)
9... cxd3 10. Bxh6 gxh6 11. O-O {Now Black's P structure is weakened as well.}
Nd7 12. Rd1 (12. Nc4) 12... Qa6 13. Ne4 Rg8 (13... O-O-O 14. Qf4 $16) 14. Ne1
O-O-O 15. Nxd3 $16 Nb6 {/\ Nd5} 16. Qe3 $1 Qc4 (16... Nd5 {is simply met by}
17. Qf3) 17. Nf4 $6 (17. Qf3 $1 {immediately was more to the point, for
example:} Qxd4 (17... Rxd4 18. Qxf7 $18) (17... f5 18. Nf6 Rg7 19. Nf4 $18) 18.
Ndc5 $18) 17... Nd5 18. Qf3 Nxf4 19. Qxf4 {White has eliminated the strong
blockading N, so his position is still better.} Rg7 20. Nf6 Be7 {[#]} 21. Qxh6
$2 {This allows Black to exchange the strong N and change the P structure.} (
21. Nh5 $1 {keeps the N and Black's weaknesses on the >>.} Bg5 22. Qf3 Rgg8 23.
Ng3 Rxd4 (23... Rd7 24. Ne4 $16) 24. Rxd4 Qxd4 25. Qxf7 $16) 21... Rg6 $1 22.
Qxh7 Bxf6 $15 23. exf6 Qd5 24. Qh3 Rxf6 (24... Rdg8 25. g3 Rxf6 $15) 25. g3 Qe4
{Although Black is a P down, his heavy artillery is very active, and >< d4 is
weak.} 26. Qg2 Rxd4 $2 (26... Qg4 $15 {keeping the Q and the activity was much
better.}) 27. Qxe4 Rxe4 28. Rd2 {The R _|_ is still equal, but now Black has
to play carefully.} c5 $6 {Black wants to mobilize his << P majority, but
first he had to improve his rook's position.} (28... Re5 29. Rad1 Rd5 $11 {
neutralizing the pressure on the d <-> was required.}) 29. Kg2 c4 $2 {
Continuing the wrong plan.} (29... e5) 30. Rad1 b5 31. h4 Rf5 32. f4 $16 c3 $6
33. bxc3 Re3 34. Rd8+ Kb7 35. R8d7+ (35. R1d7+ Ka6 (35... Kb6 36. Rb8+ $18) (
35... Kc6 36. Rxa7 $18) 36. Rc8 $18) 35... Kb6 36. R1d6+ Kc5 37. Rd2 a5 (37...
Rxc3 38. Rc7+ Kb4 39. Rxa7 $18) 38. R2d3 (38. Rc7+ Kb6 39. Rdd7 $18) 38... Rxd3
39. Rxd3 Kc4 40. Rf3 {and the march of the h o^ will decide the battle.} Rh5
41. Kh3 Rd5 (41... f5 42. Re3 Rh6 43. g4 $18) 42. g4 {White's pawn on the >>
are quicker than Black's on the other flank.} Rd2 43. a3 Ra2 44. h5 Rxa3 45. h6
Ra1 46. Kg2 Rd1 47. f5 $1 exf5 (47... Rd2+ 48. Kg3 a4 49. fxe6 fxe6 50. g5 $18)
48. h7 Rd8 49. Rxf5 Kxc3 50. Rxf7 b4 51. g5 {and White comes first in the P
race.} b3 52. Rc7+ Kd2 53. Rb7 1-0

[Event "Bundesliga 0203"]
[Site "Germany"]
[Date "2002.12.13"]
[Round "7.1"]
[White "Anand, Viswanathan"]
[Black "Buhmann, Rainer"]
[Result "1-0"]
[WhiteElo "2755"]
[BlackElo "2527"]
[Annotator "Finkel,A"]
[PlyCount "75"]
[EventDate "2002.10.19"]
[EventType "team-tourn"]
[EventRounds "15"]
[EventCountry "GER"]
[SourceTitle "CBM 093"]
[Source "ChessBase"]
[SourceDate "2003.04.01"]
[SourceVersion "1"]
[SourceVersionDate "2003.04.01"]
[SourceQuality "1"]
[WhiteTeam "Baden Oos"]
[BlackTeam "Stuttgart"]
[WhiteTeamCountry "GER"]
[BlackTeamCountry "GER"]

1. e4 e6 2. d4 d5 3. Nc3 Nf6 4. e5 Nfd7 5. f4 c5 6. Nf3 Nc6 7. Be3 cxd4 8. Nxd4
Bc5 9. Qd2 O-O {Less dangerous for black is} (9... Nxd4 10. Bxd4 Bxd4 11. Qxd4
Qb6) 10. O-O-O a6 11. Kb1 Nxd4 12. Bxd4 Qc7 13. h4 b5 14. Rh3 {Typical
manouver for this kind of positions. Rooks comes to e3 to support f5.} (14. h5
b4 (14... Bxd4 15. Qxd4 Bb7 16. Bd3 Nc5 17. g4 Rac8 18. Rhe1 Rfd8 19. Ne2 Ne4
20. g5 a5 21. Qe3 b4 22. Nd4 $14 {Markun,B-Sebenik,M/Bled 2001}) 15. Na4 Bxd4
16. Qxd4 a5 17. Re1 (17. h6 g6 18. Rc1 Qc6 19. b3 Ba6 20. Bxa6 Qxa6 21. c4 bxc3
22. Rxc3 $14 {Khamatgaleev,A-Kosic,D/Patras 2002}) 17... Re8 18. Bb5 Rb8 19.
Bd3 Bb7 20. g4 Rbc8 21. Rhf1 Nc5 22. Nxc5 Qxc5 23. Qf2 Qxf2 24. Rxf2 Bc6 25.
Rfe2 {1/2-1/2 Vasilev,N-Kiurkchian,E/Teteven 1991}) (14. Ne2 b4 $6 15. Bxc5
Nxc5 16. Qxb4 Ne4 17. Qd4 a5 18. Rh3 Ba6 19. Nc3 $16 {Hinks Edwards,T-Morris,C/
Birmingham 2000}) (14. Qe3 b4 15. Na4 Bxd4 16. Qxd4 Qa5 17. b3 Bb7 18. Rh3 Rfc8
19. c3 bxc3 20. Rxc3 Qd8 21. g3 $14 {Palac,M-Moreno Carnero,J/Dresden 2002})
14... b4 (14... Bxd4 15. Qxd4 Qc5 16. Ne2 Bb7 17. Qd2 Rfc8 18. Nd4 Qe7 19. Bd3
f6 20. exf6 Qxf6 21. Re3 Nc5 22. Re5 Rf8 23. g3 $14 {Beulen,M-Janssen,E/
Netherland 1995}) (14... Bb7 15. Ne2 Nb6 16. b3 b4 17. Bxc5 Qxc5 18. Nd4 Qe7
19. Re1 $14 {David,A-Leenhouts,K/Vlissingen 2000}) 15. Na4 Bxd4 16. Qxd4 Rb8
17. Re3 $1 {[%csl Ge5][%cal Gf4f5] This strong move seems to be a novelty. The
idea is just to defend the pawn on s5.} (17. b3 a5 18. c3 f6 19. exf6 Rxf6 20.
Rf3 bxc3 21. Qxc3 Qxc3 22. Nxc3 Bb7 $13 {Schmaltz,R-Janovsky,S/Dortmund 1993})
17... a5 (17... Nb6 $5 18. Nxb6 (18. Nc5 Nd7 19. Nxa6 $2 Bxa6 20. Bxa6 Qa5 21.
Be2 Ra8 22. a3 Rfb8 $40 {[%csl Rb1]}) 18... Qxb6 19. f5 Qxd4 20. Rxd4 exf5 21.
Rxd5 $14) 18. f5 Nb6 $6 {it was necessary to take on f5 with unclear position.}
(18... exf5 19. Qxd5 Bb7 20. Qd6 Rfc8 $13) 19. Nxb6 Qxb6 20. f6 $16 {After
this move black is deprived of any counterplay, meanwhile white's play on the
kingside is very dangerous.} Qxd4 21. Rxd4 gxf6 $6 {Helping white to get to
black king.} (21... Rb6 22. Rg3 g6 23. h5 Ba6 24. Bxa6 Rxa6 25. c4 bxc3 26.
Rxc3 $16) 22. exf6 Rb6 23. Re5 Kh8 24. Rg4 {[%csl Rh7][%cal Gg4g7,Ge5h5]} Rg8
25. Rxg8+ Kxg8 26. Rg5+ Kh8 27. Be2 Bd7 (27... Ba6 28. Bh5 h6 29. Rg7 e5 30.
Rxf7 $18) 28. Bh5 Be8 29. g4 Rc6 30. b3 $1 {[%csl Gc4] White's plan is just to
play Rg7, g5 and Be2-d3 winning a pawn on h7.} Rc3 31. Rg7 Rc7 32. g5 $18 e5 (
32... Rb7 33. Be2 {[%cal Ge2d3]} e5 34. Bg4 $18) 33. Bg4 e4 34. Bf5 Rc3 35.
Rxh7+ Kg8 36. Rg7+ Kh8 37. g6 fxg6 38. Be6 1-0

[Event "Bundesliga 0203"]
[Site "Germany"]
[Date "2003.02.09"]
[Round "11.1"]
[White "Anand, Viswanathan"]
[Black "Almasi, Zoltan"]
[Result "1-0"]
[WhiteElo "2755"]
[BlackElo "2672"]
[Annotator "Wedberg,T"]
[PlyCount "87"]
[EventDate "2002.10.19"]
[EventType "team-tourn"]
[EventRounds "15"]
[EventCountry "GER"]
[SourceTitle "CBM 094"]
[Source "ChessBase"]
[SourceDate "2003.05.26"]
[SourceVersion "1"]
[SourceVersionDate "2003.05.26"]
[SourceQuality "1"]
[WhiteTeam "Baden Oos"]
[BlackTeam "Kreuzberg"]
[WhiteTeamCountry "GER"]
[BlackTeamCountry "GER"]

1. e4 e5 2. Nf3 Nc6 3. Bb5 Nf6 4. O-O Nxe4 5. d4 Nd6 6. Bxc6 dxc6 7. dxe5 Nf5
8. Qxd8+ Kxd8 9. Nc3 Ke8 10. h3 a5 11. a3 {This is one of several ways to meet
the a5-move. On the plus side we can note that b4 is covered which limits the
scope of Bf8. On the minus side it allows a4 by Black and if Black can force
or induce c3, b3 will be a weakness. Take a look at the game Ponomariov -
Aleksandrov, Govenor's Cup 2001 for an illustration of that theme.} (11. Rd1 a4
12. g4 Ne7 13. Kg2 Ng6 14. Rd4 Be7 15. Kg3 h5 16. Bg5 hxg4 17. hxg4 f6 $132 {
1-0 Almasi,Z-Aleksandrov,A/Pula 1997/CBM 57 ext/[Hecht] (46)}) (11. a4 Be6 12.
Rd1 h6 13. g4 Ne7 14. Nd4 $36 {0-1 Ernst,T-Rausis,I/Aaland-Stockholm 1997/EXT
98 (50)}) (11. Ne2 Ne7 12. Nfd4 Nf5 13. a4 Nxd4 14. Nxd4 Bc5 15. Nb3 Be7 16.
Be3 h5 17. f4 g6 $11 {1/2-1/2 Rozentalis,E-Marciano,D/Belfort 1997/CBM 62/
[Wedberg] (28)}) 11... h6 (11... Be7 12. Re1 Be6 13. Ne4 Rd8 14. Bd2 b6 15. Bc3
h5 16. Nfg5 Bxg5 17. Nxg5 Nd4 18. Bxd4 Rxd4 19. Rad1 Rd5 20. Nxe6 fxe6 21. c4
$14 {1/2-1/2 Galkin,A-Sandipan,C/Moscow 2002/CBM 88 (42)}) 12. Re1 {With a3
played this is a good square for the R since Bb4 is no option for Black.} Be7
$146 {The latest fashion in the Berlin is to play for an exchange of N:s on h4.
} (12... Bd7 13. Bf4 Be6 14. Rad1 Ne7 15. Nd4 Nd5 16. Nxe6 fxe6 17. Bd2 Bc5 18.
Ne4 Be7 19. f4 Rf8 20. g3 $14 {1-0 Sherzer,A-Jonkman,H/Hoogeveen 1998/EXT 99 
(55). (54)}) 13. Ne4 Be6 $6 ({Why not} 13... Nh4 {straight away? The B is not
comfortable on e6.} 14. Nd4 Nf5 15. Nf6+ {is just a gesture} Kf8 $1 $11) 14. g4
Nh4 15. Nxh4 Bxh4 16. Nc5 a4 (16... Bc8 17. e6 Bf6 18. exf7+ Kxf7 19. Nd3 $14 {
[%csl Rc7,Ge5][%cal Yc1f4,Yf4c7]}) 17. Nxe6 fxe6 18. Re4 $1 $14 {White's
advantage is not gigantic, but it is something. Black has few chances for
counterplay.} Be7 19. Be3 c5 20. Rd1 Rf8 21. Kg2 Rf7 22. Kg3 b5 23. h4 Rd8 24.
Rxd8+ Kxd8 25. h5 Kd7 26. c4 (26. b3 {to get a passed P on the a-file.} axb3
27. cxb3 Rf8 28. a4 $1 bxa4 (28... c4 $2 29. Rd4+ $1 $16) 29. bxa4 Kc6 30. f4
Kd5 31. Kf3 $14 {[%cal Ye3d2,Ya4a5]}) 26... c6 27. Rf4 Ke8 28. Rxf7 Kxf7 29.
Kf3 (29. g5 hxg5 30. Kg4 g6 31. Bxg5 Bf8 {Can White win this?}) (29. f4 $5)
29... g5 30. Bc1 $5 {[%mdl 4096] Anand plays this part of the game in a truly
enigmatic style. I don't think many players would have come up with the moves
he chooses in this ending.} b4 $2 {Falling into the trap.} (30... bxc4 {
[%csl Gb3,Gc3,Gd3,Gd4][%cal Ye7d8,Yd8a5]} 31. Bd2 (31. Be3 c3 32. bxc3 c4 $11)
(31. Ke2 c3 32. bxc3 c4 $11) 31... Bd8 32. Ke4 Kg7 {Drawish.}) 31. b3 $3 {
With white passed Ps on both wings Black's resources will quickly dry up. An
interesting case of a breakthrough with three against four.} axb3 (31... bxa3
32. bxa4 a2 33. Bb2 $18 {[%cal Yf3e2,Ye2d3,Yd3c2,Yc2b3,Yb3a2]}) 32. a4 Ke8 33.
Ke2 Bd8 34. Kd1 Bc7 35. Be3 $1 Bxe5 36. Bxc5 Bc3 37. Kc1 $18 {Black's extra P
cannot stave off defeat. The threat is to play a5 to force Kd7 and then to
pick h6 with Bf8..} Bg7 38. Bxb4 Bd4 39. Bd6 Bxf2 40. Kb2 Bd4+ 41. Kxb3 Bg7 42.
a5 Kd7 43. a6 Kc8 44. Kc2 1-0

[Event "Corsica Masters op 06th"]
[Site "Bastia "]
[Date "2002.10.31"]
[Round "9"]
[White "Anand, Viswanathan"]
[Black "Mikhalevski, Victor"]
[Result "1/2-1/2"]
[WhiteElo "2755"]
[BlackElo "2524"]
[Annotator "Mikhalevski,V"]
[PlyCount "64"]
[EventDate "2002.10.31"]
[EventType "swiss (rapid)"]
[EventRounds "9"]
[EventCountry "FRA"]
[SourceTitle "CBM 093"]
[Source "ChessBase"]
[SourceDate "2003.04.01"]
[SourceVersion "1"]
[SourceVersionDate "2003.04.01"]
[SourceQuality "1"]

{This game was played in the last round of qualification tournament on Corsica.
In order to have good chances to qualify I needed a draw with black against
Vishy.} 1. e4 e5 2. Nf3 Nc6 3. Bb5 a6 4. Ba4 Nf6 5. O-O Nxe4 6. d4 b5 7. Bb3 d5
8. dxe5 Be6 9. Nbd2 {Not a big surprise. This move has become the main one
against Open Spanish after 10th game of Kasparov-Anand match, 1995.} Nc5 10. c3
Be7 {I decided to play safer.} (10... d4 {Kasparov-Anand, New York,1995}) 11.
Bc2 Bg4 12. Re1 O-O (12... Qd7 {is the main alternative which reviewed in
details in my opening database in CBM 93.}) 13. Nf1 d4 $5 {This move has got
some popularity after Timman-Kortschnoj,1996 which is also annotated in my
opening database in CBM93.} (13... Bh5 {is the main alternative.}) 14. h3 Bh5 (
14... Bxf3 $2 15. Qxf3 d3 16. Bb1 {is senseless for Black since d2 is
impossible.}) 15. Ng3 Bxf3 {Now it's a different story. White can't go for
afore-mentioned line.} 16. Qxf3 d3 17. b4 $1 {Strong counterblow and probably
the best move in the position.} (17. Bb3 $2 d2 {This is the difference with 14.
..Bxf3?}) 17... dxc2 18. bxc5 Qd7 {This position occuried only twice.} ({
Once I have played} 18... Nxe5 $2 {and only after} 19. Rxe5 Qd1+ 20. Kh2 Bf6
21. Rf5 $1 $18 {realized that Kortschnoj played first 18...Qd7 and sacrificed
the knight a move later.}) 19. Bf4 $5 {[%cal Ga1c1] This is already a new move.
Probably Vishy didn't want to enter complications which had place in
Timman-Kortschnoj,1986. The idea of 19.Bf4 is simple. White wants to win the
c2-pawn playing Rac1.} (19. Nf5 Nxe5 $5 {Timman-Kortschnoj,1996} (19... Qe6 $5
{Ponomariov-Krasenkow,Bled ol, 2002})) 19... Bxc5 ({I could also start with} 
19... Qe6 {[%cal Ge7c5]}) 20. Rac1 Qe6 21. Rxc2 Rad8 {[%cal Gd8d1] The most
logical. Black is taking the d-file. It seems that Black has solved opening
problems, but it's not so simple yet.} 22. Nh5 $6 {Allows 22...f6} ({It would
be more accurate to start with} 22. Rce2 {[%cal Gg3e4,Gg3h5]}) 22... Be7 (22...
f6 $1 {[%csl Re5][%cal Ge6e1] This interesting resource makes all the
difference. Now White has to fight for equality.} 23. Qg3 (23. Be3 {
Interesting tactical possibility.} Nxe5 24. Qg3 {[%csl Rc5,Rg7]} Rf7 $1 {
This move looks better than 24...Rd7 since the d8-rook can be useful. See 25.
Bxc5} (24... Rd7 $6 {leads to unclear position after} 25. Bxc5 (25. Rce2) 25...
Nf3+ 26. gxf3 (26. Qxf3 $2 Qxe1+ 27. Kh2 Qe5+ {[%csl Rc5]}) 26... Qxe1+ 27. Kh2
Rff7 {[%cal Gd7d1] Unfortunately now 27... Rd1 is impossible.} (27... Rd1 $4
28. Qxg7#) 28. Bd4 $13) 25. Rce2 (25. Bxc5 Nf3+ 26. gxf3 (26. Qxf3 Qxe1+ 27.
Kh2 Qe5+ {[%csl Rc5]}) 26... Qxe1+ 27. Kh2 Rd1 {[%cal Re1h1] This is the
difference with 24...Rd7. Now the g7-square is covered by the other rook.} 28.
Qg2 Qe5+ {[%csl Rc5,Rh5] and Black wins.}) 25... Bxe3 26. Rxe3 Qxa2 27. Nxf6+
$1 Rxf6 28. Rxe5 Rdf8 $1 {Black gets an extra pawn while White's threats on
the king side are not very serious.}) 23... Rf7 24. Rce2 (24. Bh6 Bf8 $1) (24.
Nxf6+ $2 Rxf6 25. exf6 Qxe1+ 26. Kh2 g6) 24... fxe5 25. Bxe5 Nxe5 26. Rxe5 Qc4
(26... Bxf2+ $2 27. Qxf2) 27. Re8+ Rxe8 28. Rxe8+ Bf8 {with advantage for
Black.}) 23. Rce2 {White wants to move the bishop, then to play Nf4 unblocking
his e-pawn.} h6 ({It would be safer to play} 23... Kh8) 24. Bc1 {[%cal Gh5f4]}
({After the game Anand recommended} 24. Bg3 $1 {[%cal Gh5f4,Ge5e6] but it
seems that Black can hold the position with} Bg5 $1 {[%csl Gf4]} 25. h4 (25.
Bf4 Be7 $11) 25... Bd2 $1 26. Rd1 Bg5 $1 27. Rxd8 Bxd8 28. Nf4 $140 (28. Qe4
$142 {[%cal Gh5f4]}) 28... Qc4) 24... Bg5 $5 {I decided to stop Nf4 physically.
Black could also try to ignore the threat.} 25. Bxg5 hxg5 $11 26. Nf6+ $2 {
Vishy is playing with fire. In fact he misses my 30th move.} gxf6 27. exf6 Qd5
$1 28. Re4 $1 {[%cal Gf3h5,Gh5h6] Renewing the idea of Qh5 since Qf5 can be
strongly answered with Rh4!} ({Immediate} 28. Qh5 {is met by} Qf5 29. Qh6 {
[%csl Rg7]} Qg6 $19) 28... Rd6 $1 {Only but sufficient defense.} 29. Qh5 ({
White could try to complicate matters with} 29. h4) 29... Rxf6 30. Rh4 Rh6 $1
$19 {This is the move missed by Vishy in his calculations.} 31. Qxh6 gxh4 32.
Qxh4 Qf5 {[%cal Gc6e5] In this position with good chances for a win I proposed
a draw which allowed me to qualify for last 16.} (32... Qf5 33. Qg3+ Kh7 34.
Qxc7 Qg6 {and despite an exposed king Black has good chances for a win.}) ({
Of course not} 32... Ne5 $4 33. Qg5+) (32... Qd6 {also deserved serious
attention.}) 1/2-1/2

[Event "Corsica Masters rap 06th"]
[Site "Bastia"]
[Date "2002.11.02"]
[Round "2.1"]
[White "Anand, Viswanathan"]
[Black "Jussupow, Artur"]
[Result "1/2-1/2"]
[WhiteElo "2755"]
[BlackElo "2622"]
[Annotator "Psakhis,L"]
[PlyCount "105"]
[EventDate "2002.11.01"]
[EventType "k.o. (rapid)"]
[EventRounds "4"]
[EventCountry "FRA"]
[SourceTitle "CBM 092"]
[Source "ChessBase"]
[SourceDate "2003.02.06"]
[SourceVersion "1"]
[SourceVersionDate "2003.02.06"]
[SourceQuality "1"]

1. e4 e6 2. d4 d5 3. Nc3 Bb4 4. e5 Ne7 5. a3 Bxc3+ 6. bxc3 c5 7. Qg4 O-O 8. Bd3
Nbc6 9. Qh5 Ng6 10. Nf3 Qc7 11. Be3 c4 12. Bxg6 fxg6 13. Qg4 {Popular and
sharp line} Qf7 (13... Bd7 $5) 14. Ng5 Qe8 15. h4 h6 16. Nh3 b5 $5 {
Improvement compare to} (16... Ne7 17. Qe2 Bd7 18. g4 b5 19. h5 a5 20. g5 $40 {
1-0 Lutz,C-Jussupow,A/Essen-A 2002/CBM 90 (41)}) 17. Nf4 (17. h5 gxh5 18. Qe2
a5 19. Nf4 g6 20. g4 Ne7 21. Ng2 Kh7 22. Qd2 Ng8 23. Nf4 hxg4 24. Ke2 g5 25.
Nh5 Qf7 26. f4 gxf4 27. Bxf4 Qg6 28. Raf1 g3 29. Nxg3 Qg4+ 30. Ke1 Ra7 31. Ne2
Raf7 32. Qe3 Qg6 33. Rfg1 {1-0 Svidler,P-Bareev,E/Elista 1997/CBM 59/[Svidler]
(33)}) (17. Qe2 Bd7 18. g4 a5 19. h5 gxh5 20. g5 hxg5 21. Nxg5 g6 22. Kd2 b4
23. Rag1 bxc3+ 24. Kd1 Rf5 25. Rxh5 gxh5 26. Ne4+ Kh8 27. Nd6 Qg8 {0-1 Van den
Doel,E-Psakhis,L/Bled Olympiad 2002/ (33)}) 17... Ne7 18. Kd2 $146 {Anand
decided to keep king in the centre of th board.} (18. O-O Bd7 19. Rab1 Qf7 20.
h5 gxh5 21. Nxh5 Kh7 22. f4 Nf5 23. Bc1 Be8 24. Ng3 Nxg3 25. Qxg3 Qd7 26. Be3
Bg6 {1/2-1/2 Firnhaber,I-Kitson,K/corr 2001/IXM (37)}) (18. Rh3 Rf5 19. Qe2 a5
20. g4 Rf7 21. Qd2 Bd7 22. h5 g5 23. Ng2 b4 24. axb4 axb4 25. Rxa8 Qxa8 26.
cxb4 Qa1+ 27. Qc1 Qc3+ 28. Qd2 Qa1+ 29. Qc1 Qc3+ 30. Qd2 Qa1+ {1/2-1/2 Davila,
M-Halldorsson,J/corr 1998 (30)}) 18... a5 {Black has to find some counterplay
on the Q side - on the other flank he has many problems.} 19. Qh3 Bd7 20. Rab1
Qf7 21. f3 Rab8 22. Ne2 Nc6 {It looks for me that Black solved all opening
problems.} 23. Rb2 b4 ({Worth considering} 23... Qe7 $5 {[%cal Gb5b4]}) 24.
axb4 axb4 25. cxb4 c3+ $5 (25... Rxb4 26. Rxb4 Nxb4 27. Rb1 Nc6 $11 {was
enough for equality, but Arthur already pretends for more.}) 26. Nxc3 (26. Kxc3
Na5 {[%csl Rc3]}) 26... Na5 27. Ke2 Nc4 28. Rb3 Nxe3 ({After} 28... Bb5 $5 29.
Nxb5 Rxb5 30. Ra1 {black's position is not bad nevertheless material deficit.})
29. Kxe3 Qf4+ 30. Kd3 Rfc8 31. Qg4 {Anand managed to consolidate his position
and black must sacrifice an exchange, if he wants to keep fire on the board.}
Rxc3+ $5 (31... Qf7 32. b5) 32. Kxc3 (32. Rxc3 $4 Bb5+) 32... Rc8+ 33. Kb2 Qd2
34. Rc1 Kh7 (34... h5 35. Qg5 Qxd4+ 36. c3 Qc4 37. Ra3) 35. g3 {[%cal Gg4f4]}
Rf8 $1 {Black just can't allow white to play Qf4} (35... Ba4 36. Qf4 $5 Qxf4
37. gxf4 Bxb3 38. Kxb3 $18) 36. b5 (36. Kb1 $5) 36... h5 $1 37. Qg5 Qxd4+ 38.
c3 Qc5 39. b6 ({It was good time for white to start attack against residence
of black monarch -} 39. g4 $5 Bxb5 40. gxh5 Bd3 41. Qg1 $1 Qc7 (41... Qxg1 42.
Rxg1 gxh5 43. Rb7 Bg6 44. Rb6 $18) 42. Qe3 $18 {with big chances for victory.})
39... Ba4 40. Rb4 Qf2+ 41. Kb1 Bc6 42. b7 Rb8 43. g4 $6 (43. Qe7 $142 $1 Qa7 (
43... Qxf3 44. Qc7 Rxb7 45. Rxb7 Bxb7 46. Qxb7 $18) 44. Qxe6 $18) 43... Qxf3
44. gxh5 gxh5 45. Rg1 Qf7 46. Kc1 Rxb7 47. Rxb7 Bxb7 48. Qe3 Ba6 49. Rg3 Qf1+
50. Kc2 Qa1 51. Qg5 Qa2+ 52. Kc1 Qa1+ 53. Kc2 1/2-1/2